Before the revolution (Запись № 8400513)

Подробности
000 -МАРКЕР
контрольное поле 01441nam0a22003491 4500
001 - ИДЕНТИФИКАТОР ЗАПИСИ
контрольное поле RU\INFOCOMM_318\NLR\5000080725
005 - ИДЕНТИФИКАТОР ВЕРСИИ
контрольное поле 20250613102659.0
010 ## - МЕЖДУНАРОДНЫЙ СТАНДАРТНЫЙ НОМЕР КНИГИ (ISBN)
Номер (ISBN) 0-8109-3813-8
035 ## - ДРУГИЕ СИСТЕМНЫЕ НОМЕРА
Идентификатор записи (NLR Aleph) 009450134
100 ## - ДАННЫЕ ОБЩЕЙ ОБРАБОТКИ
Данные общей обработки 20121203d1991 |||y0rusy50 ca
101 1# - ЯЗЫК РЕСУРСА
Язык текста, звукозаписи и т.д. английский
Язык оригинала русский
102 ## - СТРАНА ПУБЛИКАЦИИ ИЛИ ПРОИЗВОДСТВА
Страна публикации соединенные штаты америки
-- российская федерация
105 ## - ПОЛЕ КОДИРОВАННЫХ ДАННЫХ: ТЕКСТОВЫЕ МАТЕРИАЛЫ, МОНОГРАФИЧЕСКИЕ
Кодированные данные о монографическом текстовом документе y z |||||
200 1# - ЗАГЛАВИЕ И СВЕДЕНИЯ ОБ ОТВЕТСТВЕННОСТИ
Основное заглавие Before the revolution
Сведения, относящиеся к заглавию St. Petersburg in phot., 1890-1914
-- [An album]
Первые сведения об ответственности Mikhail P. Iroshnikov, Yury B. Shelayev, Liudmila A. Protsai
Последующие сведения об ответственности Forew. by James H. Billington
-- Introd. by Dmitry S. Likhachov
-- [Transl. from the Russ. by Evgueni Filippov]
210 ## - ПУБЛИКАЦИЯ, РАСПРОСТРАНЕНИЕ И ДР.
Место издания, распространения и т.д. New York
Имя издателя, распространителя и т. д. Abrams
Место издания, распространения и т.д. L.
Имя издателя, распространителя и т. д. Nauka
-- JV SMART
Дата издания, распространения и т.д. ˆCop.‰1991
215 ## - ФИЗИЧЕСКАЯ ХАРАКТЕРИСТИКА
Специфическое обозначение материала и объем 311 с.
Другие сведения о физической характеристике ил., портр.
Размеры 30 см
607 ## - ГЕОГРАФИЧЕСКОЕ НАИМЕНОВАНИЕ КАК ПРЕДМЕТ
Географическое наименование Петербург
Тематический подзаголовок История
Формальный подзаголовок Фотоальбомы
Хронологический подзаголовок 1890-1914
Код системы nlr_sh1
620 ## - МЕСТО И ДАТА ПУБЛИКАЦИИ, ИСПОЛНЕНИЯ И Т. Д.
Страна Санкт-Петербург
686 ## - ИНДЕКСЫ ДРУГИХ КЛАССИФИКАЦИЙ
Индекс Т3(2Р-4И-2Ин)52я61
Код системы
700 #1 - ИМЯ ЛИЦА - ПЕРВИЧНАЯ ОТВЕТСТВЕННОСТЬ
Системный номер авторитетной/нормативной записи z01790
Начальный элемент ввода Irošnikov
Часть имени, кроме начального элемента ввода M. P.
Даты 1934-
Расширение инициалов личного имени Michail Pavlovič
701 #1 - ИМЯ ЛИЦА - АЛЬТЕРНАТИВНАЯ ОТВЕТСТВЕННОСТЬ
Системный номер авторитетной/нормативной записи z02790
Начальный элемент ввода Šelaev
Часть имени, кроме начального элемента ввода J. B.
Расширение инициалов личного имени Jurij Borisovič
701 #1 - ИМЯ ЛИЦА - АЛЬТЕРНАТИВНАЯ ОТВЕТСТВЕННОСТЬ
Системный номер авторитетной/нормативной записи z03790
Начальный элемент ввода Procaj
Часть имени, кроме начального элемента ввода L. A.
Расширение инициалов личного имени Ljudmila Anatol'evna
790 #1 - ИМЯ ЛИЦА - АЛЬТЕРНАТИВНАЯ ФОРМА
Системный номер авторитетной/нормативной записи z01700
Начальный элемент ввода Iroshnikov
Часть имени, кроме начального элемента ввода M. P.
Расширение инициалов личного имени Mikhail P.
Код отношения Автор
790 #1 - ИМЯ ЛИЦА - АЛЬТЕРНАТИВНАЯ ФОРМА
Системный номер авторитетной/нормативной записи z02701
Начальный элемент ввода Shelayev
Часть имени, кроме начального элемента ввода Y. B.
Расширение инициалов личного имени Yury B.
Код отношения Автор
790 #1 - ИМЯ ЛИЦА - АЛЬТЕРНАТИВНАЯ ФОРМА
Системный номер авторитетной/нормативной записи z03701
Начальный элемент ввода Protsai
Часть имени, кроме начального элемента ввода L. A.
Расширение инициалов личного имени Liudmila A.
Код отношения Автор
801 #1 - ИСТОЧНИК ЗАПИСИ
Страна российская федерация
Организация NLR
Дата составления 20121203
801 #0 - ИСТОЧНИК ЗАПИСИ
Страна российская федерация
Организация INFOCOMM
Правила каталогизации PSBO
852 ## - МЕСТОНАХОЖДЕНИЕ И ШИФР ХРАНЕНИЯ
Идентификатор организации NLR
Шифр хранения (Call Number) Э АлТ63/2-Л452
852 ## - МЕСТОНАХОЖДЕНИЕ И ШИФР ХРАНЕНИЯ
Идентификатор организации NLR
Шифр хранения (Call Number) Ир41 Д-7/33
942 ## - ДОПОЛНИТЕЛЬНЫЕ ЭЛЕМЕНТЫ ЗАПИСИ (АБИС)
Тип экземпляра АБИС Книга
980 ## - КОЛЛЕКЦИЯ
Название коллекции Национальная библиография
Экземпляры
Тип экземпляра Дата поступления Библиотека постоянного хранения Библиотека текущего хранения Место хранения Шифр хранения Штрих-код Статус не для выдачи
Книга 26.10.2013 РНБ (Московский) РНБ (Московский) Иностранный книжный фонд Ир41 Д-7/33 9450134-20  
Книга 26.10.2013 РНБ (Садовая) РНБ (Садовая) Фонд эстампов и фотографий иностранный Э АлТ63/2-Л452 9450134-10